000 00309cam a2200109ua 4500
082 _a370.11
_bSTA/UD
100 _aState Institute of Education, .
_91636
245 _aUdhyesadhishtitha Bodhanam /
260 _aThiruvananthapuram :
_bState Instititute of Education ,
_c1983.
300 _a243 ; .
942 _cBK
999 _c4630
_d4630